000 00293nam a2200109Ia 4500
001 587437
005 20250717113816.0
008 250717s9999 xx 000 0 und d
245 0 _aX-5 YILDIZLAR VE GEZEGENLER
_cNICHOLAS HARRIS
260 _bTÜRKİYE İŞ BANKASI YAYINLARI
_c2017
300 _b18
999 _c587437
_d587437